| 000 | 00572nam a22002057a 4500 | ||
|---|---|---|---|
| 005 | 20210305111710.0 | ||
| 008 | 210303b xxu||||| |||| 00| 0 spa d | ||
| 041 | _aspa | ||
| 082 | _aTU 128 | ||
| 100 |
_aBrizuela Irola, Carolina _959862 |
||
| 245 | _aInforme de práctica supervisada realizada en Intebus de Costa Rica | ||
| 260 | _c2018 | ||
| 300 | _a61 páginas | ||
| 650 |
_aCOSTA RICA _959863 |
||
| 650 |
_aTURISMO _9894 |
||
| 650 |
_aEMPRESA INTERBUSES _959864 |
||
| 650 |
_aDESARROLLO OPERTIVO _959865 |
||
| 650 |
_aAGENCIA DE TRANPORTE _959866 |
||
| 942 | _cIP | ||
| 999 |
_c12944 _d12944 |
||